| 000 | 00507cam a2200205ua 4500 | ||
|---|---|---|---|
| 001 | 7933 | ||
| 005 | 20260515114254.0 | ||
| 008 | 150109n ii |||gr||||Z||||||hin | ||
| 040 | _cMAIN | ||
| 041 | _ahin | ||
| 082 | _a920 | ||
| 100 |
_aOjha, D., _eAuthor. |
||
| 245 |
_aAgneya : _bByaktitattwa bivash / _cBy Durgaprasad Ojha . |
||
| 250 | _a1st. | ||
| 260 |
_aPhejabad: _bBhabdia, _c1994. |
||
| 300 | _ax,190p. | ||
| 653 | _aBiography, genealogy & insignia | ||
| 653 | _aHindi biography | ||
| 942 | _cBK | ||
| 999 |
_c7048 _d7048 |
||